Frasi celebri - parte 3 - Statistics

Statistiche generali
  • Questo quiz è stato fatto 155 volte
  • Il punteggio medio è 5 su 10
Statistiche sulle risposte
Frase Personaggio % Corretto
Giunsi, vidi, vinsi (veni, vidi, vici) Caio Giulio Cesare
96%
Molti dei primi saranno ultimi e gli ultimi i primi Gesù Cristo
76%
Lo stato sono io (L'état, c'est moi) Luigi XIV, re di Francia
68%
Nelle azioni di tutti gli uomini, e massime de’ Principi… si guarda al fine… I mezzi saranno sempre iudicati onorevoli e da ciascuno lodati Niccolò Machiavelli
62%
Siate affamati, siate folli Steve Jobs
45%
Cartagine deve essere distrutta (Carthago delenda est) Marco Porcio Catone il Censore
44%
Libera Chiesa in libero Stato Camillo Benso conte di Cavour
29%
Non è la fine. Non è neanche il principio della fine. Ma è, forse, la fine del principio. Winston Churchill
22%
Una morte è una tragedia, un milione di morti è statistica Iosif Stalin
18%
È giunta l’ora di rimarginare le ferite. È giunta l’ora di colmare i divari che ci dividono. Questo è il tempo di costruire. Nelson Mandela
12%
Nessun quiz corrispondente trovato
Distribuzione punteggi
Percentuale di utenti per punteggio
Percentile per numero di risposta
I tuoi punteggi nel tempo
Non hai fatto questo quiz